Controls/Robotics experiments with LEGO mindstorms nxt robotics kit (Record no. 322723)

000 -LEADER
fixed length control field 00430 a2200133 4500
001 - CONTROL NUMBER
control field 87650
082 ## - DEWEY DECIMAL CLASSIFICATION NUMBER
Classification number PR 27
090 ## - LOCALLY ASSIGNED LC-TYPE CALL NUMBER (OCLC); LOCAL CALL NUMBER (RLIN)
-- 41108
-- 41108
100 ## - MAIN ENTRY--PERSONAL NAME
Personal name Faizan Kaleem Khan, SPC 061906, 69(B) EC
245 ## - TITLE STATEMENT
Title Controls/Robotics experiments with LEGO mindstorms nxt robotics kit
260 ## - PUBLICATION, DISTRIBUTION, ETC.
Place of publication, distribution, etc. Risalpur
Name of publisher, distributor, etc. CAE PAF Academy Risalpur
Date of publication, distribution, etc. 2010
300 ## - PHYSICAL DESCRIPTION
Extent x, 88p.
Accompanying material Tauseef Ur Rehman, Sqn Ldr, Mansoor, Sqn Ldr
500 ## - GENERAL NOTE
General note BE Project Reports
942 ## - ADDED ENTRY ELEMENTS (KOHA)
Institution code [OBSOLETE] CAE NUST
Call number prefix PR 27
Holdings
Withdrawn status Lost status Damaged status Not for loan Collection code Permanent Location Current Location Date acquired Total Checkouts Full call number Barcode Date last seen Price effective from Koha item type
          College of Aeronautical Engineering (CAE) College of Aeronautical Engineering (CAE) 04/03/2017   PR 27 CAEPR-27 04/05/2017 04/05/2017 Book
© 2023 Central Library, National University of Sciences and Technology. All Rights Reserved.